Akcionář čtrnáctideník pro investice, akcie a burzu

Gespeichert in:
Bibliographische Detailangaben
Format: Schriftenreihe
Sprache:Tschechisch
Veröffentlicht: Praha GENNEX
Schlagworte:
Tags: Tag hinzufügen
Keine Tags, Fügen Sie das erste Tag hinzu!

MARC

LEADER 00000nas1a22000001 4500
001 s120313
005 20041019155345.5
041 0 |a cze 
044 |a CZ 
245 1 0 |a Akcionář  |b čtrnáctideník pro investice, akcie a burzu 
264 1 |a Praha  |b GENNEX 
610 2 0 |a trh kapitálový